Statistiken für Top 100 der meistgestreamten Songs auf Spotify (2023)

Klicken Sie hier um das Quiz zu spielen!

Allgemein

  • Dieses Quiz wurde 138 mal gespielt
  • Das Durchschnittsergebnis liegt bei 23 aus 100

Antwortstatistiken

KünstlerAntwort% Korrekt
The WeekndBlinding Lights
77%
Ed SheeranShape Of You
75%
Tones and IDance Monkey
73%
Billie EilishBad Guy
56%
The Kid Laroi und Justin BieberStay
51%
Imagine DragonsBeliever
46%
Luis Fonsi (feat. Daddy Yankee) | Luis Fonsi und Daddy Yankee (feat. Justin Bieber)Despacito
43%
Ed SheeranPerfect
43%
DaBaby (feat. Roddy Ricch) | Post Malone (feat. 21 Savage)Rockstar
43%
Shawn Mendes und Camila CabelloSenorita
38%
Imagine DragonsThunder
38%
Harry StylesWatermelon Sugar
38%
Lewis CapaldiSomeone You Loved
37%
Glass AnimalsHeat Waves
36%
Olivia RodrigoDrivers License
33%
Camila Cabello (feat. Young Thug)Havana
33%
John LegendAll Of Me
32%
Macklemore und Ryan Lewis (feat. Ray Dalton)Can‘t Hold Us
31%
The Chainsmokers (feat. Halsey)Closer
31%
HozierTake Me To Church
31%
Ariana Grande7 Rings
30%
Post Malone (feat. Swae Lee)Sunflower
30%
Harry StylesAs It Was
29%
Alan WalkerFaded
28%
Calvin Harris und Dua LipaOne Kiss
28%
The Weeknd (feat. Draft Punk)Starboy
28%
XXXTentacionSad!
27%
Lady Gaga und Bradley CooperShallow
27%
Lukas Graham7 Years
26%
Marshmallo und BastilleHappier
26%
Dua Lipa (feat. DaBaby)Levitating
26%
Drake (feat. Wizkid und Kyla)One Dance
26%
Wiz Khalifa (feat. Charlie Puth)See You Again
26%
Justin BieberSorry
26%
PassengerLet Her Go
25%
Juice WRLDLucid Dreams
25%
Twenty One PilotsStressed Out
25%
AviciiWake Me Up
25%
Mark Ronson (feat. Bruno Mars)Uptown Funk
24%
EminemLose Yourself
23%
NirvanaSmells Like Teen Spirit
23%
Olivia RodrigoGood 4 U
22%
Shawn MendesStitches
22%
The NeighbourhoodSweater Weather
22%
QueenBohemian Rhapsody
21%
Post MaloneCircles
21%
Vance JoyRiptide
21%
OasisWonderwall
21%
Kendrick LamarHumble
20%
Major Lazer und DJ Snake (feat. MØ)Lean On
20%
BTSDynamite
19%
Travis Scott (feat. Kendrick Lamar)Goosebumps
19%
24kGoldn und Iann DiorMood
19%
XXXTentacionMoonlight
19%
Ed SheeranPhotograph
19%
Maroon 5 (feat. Cardi B)Girls Like You
18%
Lil Nas X (feat. Jack Harlow)Industry Baby
18%
Justin BieberLove Yourself
18%
Travis Scott (feat. Drake)Sicko Mode
18%
Sam SmithStay With Me
18%
Billie Eilish und KhalidLovely
17%
Shawn MendesTreat You Better
17%
Imagine DragonsDemons
16%
Dua LipaNew Rules
16%
The Chainsmokers und ColdplaySomething Just Like This
16%
Roddy RicchThe Box
16%
HalseyWithout Me
16%
The WeekndThe Hills
15%
OneRepublicCounting Stars
14%
SiaCheap Thrills
13%
Post Malone (feat. Quavo)Congratulations
13%
The KillersMr. Brightside
13%
French Montana (feat Swae Lee)Unforgettable
13%
Maroon 5Sugar
12%
DJ Snake (feat. Justin Bieber)Let Me Love You
10%
Ed Sheeran und Justin BieberI Don‘t Care
9%
XXXTentacionJocelyn Flores
9%
Maroon 5Memories
9%
Saint Jhn mit ImanbekRoses
9%
Ed SheeranThinking Out Loud
9%
Dua LipaDon‘t Start Now
8%
J. ColeNo Role Modelz
8%
James ArthurSay You Won‘t Let Go
8%
Dua LipaDance The Night
7%
The Chainsmokers (feat. Daya)Don‘t Let Me Down
7%
Eminem (feat. Nate Dogg)Till I Collapse
7%
Jason MrazI‘M Yours
6%
Mike Posner und SeebI Took A Pill In Ibiza
6%
Lil Nas XMontero
6%
Ariana GrandeThank U, Next
6%
Post MaloneBetter Now
5%
LauvI Like Me Better
4%
Sam SmithToo Good At Goodbyes
4%
Lil Uzi VertXO Tour Llif3
4%
Bruno MarsThat‘s What I Like
3%
Shawn MendesThere‘s Nothing Holdin‘ Me Back
3%
Arctic MonkeysDo I Wanna Know?
2%
Bad Bunny und Jhay CortezDakiti
1%

Verteilung der Resultate

Perzentil nach korrekt beantworteten Fragen

Anzahl Personen mit jedem Resultat

Ihre Resultats-Entwicklung

Sie haben dieses Quiz noch nicht gespielt